000 00447nam a2200145Ia 4500
008 231129s2009||||xx |||||||||||||| ||spa||
020 _a978-84-612-5643-3
040 _bspa
082 _a323 F981a
100 _aFundación Kreanta
245 0 _aAprendiendo de Colombia. Cultura y educación para transformar la ciudad
260 _c2009
264 _aFundación Kreanta; Convenio Andres Bello
942 _2ddc
_cBKS
999 _c5472
_d5472